00293 a2200133 450000100060000002000150000604000220002110000250004324000280006824500230009630000080011936200090012765000230013656381 a8531206391 cAnchieta - Pituba aAguiar, Jayson Viana10aA fábula de asaslpor10aA fábula de asas a1160 a1998 4aLiteratura juvenil